Los cambios de la ética y la ética del cambio
में बचाया:
| मुख्य लेखक: | |
|---|---|
| स्वरूप: | पुस्तक |
| भाषा: | स्पेनिश |
| प्रकाशित: |
Madrid
Fe y Secularidad
1990
|
| विषय: | |
| टैग: |
टैग जोड़ें
कोई टैग नहीं, इस रिकॉर्ड को टैग करने वाले पहले व्यक्ति बनें!
|
MARC
| LEADER | 00000nam a2200000 a 4500 | ||
|---|---|---|---|
| 001 | UCX3419 | ||
| 003 | CL-VaPUC | ||
| 008 | 911105e19900000SP |||||||||||||||||spa|d | ||
| 082 | 0 | 4 | |a 170 |b HOR |2 21 |
| 100 | |a Hortal Alonso, Augusto |e author |9 532250 | ||
| 245 | 1 | 4 | |a Los cambios de la ética y la ética del cambio |
| 300 | |a 36 p | ||
| 942 | |c BK | ||
| 945 | |d 19911105 00:00:00 | ||
| 260 | |a Madrid |b Fe y Secularidad |c 1990 | ||
| 650 | 0 | |a Ética |9 255099 | |
| 583 | |a last modification |c 19911105 00:00:00 |k Rodrigo Vera | ||
| 999 | |c 224188 |d 224186 | ||
| 952 | |0 0 |1 2 |4 0 |6 170_000000000000000_HOR_1990 |7 0 |8 A |9 220664 |a BIBTEO |b BIBTEO |d 2019-11-15 |i 2893878 |o 170 HOR 1990 |p 2893878 |r 2019-11-15 |w 2019-11-15 |x Descarte 2019 |y BK |k ICR | ||